UBT Library

ANATOMY & PHYSIOLOGY (Record no. 60084)

000 -LEADER
fixed length control field 00333nam a22001457a 4500
008 - FIXED-LENGTH DATA ELEMENTS--GENERAL INFORMATION
fixed length control field 230703b ||||| |||| 00| 0 eng d
020 ## - INTERNATIONAL STANDARD BOOK NUMBER
International Standard Book Number 9781617319150
041 ## - LANGUAGE CODE
Language code of text/sound track or separate title eng
080 ## - UNIVERSAL DECIMAL CLASSIFICATION NUMBER
Edition identifier NINTH EDITION
Universal Decimal Classification number 611
082 ## - DEWEY DECIMAL CLASSIFICATION NUMBER
Classification number 611MOR
100 ## - Rafti
Rafti 10
101 ## - Shkurtesa
Shkurtesa ANATOMI
245 ## - TITLE STATEMENT
Title ANATOMY & PHYSIOLOGY
Statement of responsibility, etc MORTON. A.D
942 ## - ADDED ENTRY ELEMENTS (KOHA)
Source of classification or shelving scheme
Item type Books
Holdings
Withdrawn status Lost status Source of classification or shelving scheme Damaged status Not for loan Collection code Permanent location Current location Date acquired Total Checkouts Full call number Barcode Date last seen Price effective from Koha item type
          Koleksioni i përgjithshem UBT - Lipjan UBT - Lipjan 07/03/2023   611MOR 002-800080743 07/03/2023 07/03/2023 Books
          Koleksioni i përgjithshem UBT - Lipjan UBT - Lipjan 07/17/2023   611MOR 002-800080833 07/17/2023 07/17/2023 Books
          Koleksioni i përgjithshem UBT - Lipjan UBT - Lipjan 07/17/2023   611AME 002-800080834 07/17/2023 07/17/2023 Books
          Koleksioni i përgjithshem UBT - Lipjan UBT - Lipjan 07/17/2023   611AME 002-800080845 07/17/2023 07/17/2023 Books
UBT Library © 2015-2024. All rights reserved University Education for Business and Technology